Derecho de la integración. (Registro nro. 55413)

Detalles MARC
000 -LEADER
campo de control de longitud fija 00418nam a2200145 i 4500
001 - NÚMERO DE CONTROL
campo de control 55413
003 - IDENTIFICADOR DE NÚMERO DE CONTROL
campo de control ES-MaACL
007 - CAMPO FIJO DE DESCRIPCIÓN FÍSICA--INFORMACIÓN GENERAL
campo de control de longitud fija t|
008 - DATOS DE LONGITUD FIJA--INFORMACIÓN GENERAL
campo de control de longitud fija 030919s1969 ag ||||1| spa d
245 00 - MENCIÓN DEL TÍTULO
Título Derecho de la integración.
260 ## - PUBLICACIÓN, DISTRIBUCIÓN, ETC.
Lugar de publicación, distribución, etc. [Buenos Aires] :
Nombre del editor, distribuidor, etc. Instituto para la Integración de América Latina,
Fecha de publicación, distribución, etc. 1969.
300 ## - DESCRIPCIÓN FÍSICA
Extensión 207 p. ;
Dimensiones 28 cm.
500 ## - NOTA GENERAL
Nota general Es el nº 4, abril, 1969.
852 ## - LOCALIZACIÓN
Ubicación ES-MaACL
Número de control de estantería E-8258
Sublocalización o colección R.92840
Existencias
Estatus retirado Estado de pérdida Estado de daño No para préstamo Biblioteca de origen Biblioteca actual Ubicación en estantería Fecha de adquisición Fuente de adquisición Total de préstamos Signatura topográfica completa Código de barras Visto por última vez Precio de reemplazo Tipo de ítem Koha
        Biblioteca del Ateneo de Madrid Biblioteca del Ateneo de Madrid Depósito 2 17/01/2008     E-8258 1058221 23/02/2023 23/02/2023 Libro impreso